10 Largest cities in Iceland in 1901 - Statistics

General Stats
  • This quiz has been taken 9 times
  • The average score is 6 of 10
Answer Stats
Hint Answer % Correct
5802 Reykjavík
100%
1038 Akureyri
86%
374 Hafnarfjörður
71%
1067 Ísafjörður
71%
350 Sauðárkrókur
71%
313 Stykkishólmur
71%
496 Ólafsvík
57%
767 Akranes
43%
739 Eyrarbakki
43%
783 Seyðisfjörður
29%
No matching quizzes found
Score Distribution
Percent of People with Each Score
Percentile by Number Answered
Your Score History
You have not taken this quiz